000 00802cam a22002533a 4500
001 11561
003 PGUSA
005 20140828083238.0
008 040301s2004||||xxu|||||s|||||000 1 eng d
040 _aPGUSA
_beng
042 _adc
050 4 _aPS
100 1 _aWright, Mabel Osgood,
_d1859-1934
245 1 0 _aPeople of the Whirlpool :
_bFrom The Experience Book of a Commuter's Wife
_h[electronic resource] /
_cMabel Osgood Wright
260 _bProject Gutenberg,
_c2004
506 _aPublic domain in the USA.
516 _aElectronic text
653 _aDiary fiction
653 _aUnited States -- Social life and customs -- 20th century -- Fiction
653 _aEpistolary fiction
830 0 _aProject Gutenberg
_v11561
856 4 0 _uhttp://www.gutenberg.org/ebooks/11561
942 _cEB
999 _c240816
_d240816